000 01544nam a22002537a 4500
001 10162
003 FISKH
005 20260430122356.0
008 260430b cb ||||| |||| 00| 0 eng d
020 _a9789924342205
040 _aFISKH
_bkhr
_cFISKH
_dFISKH
082 _a741.5
100 _aVoriniere , Yoann
245 _aកុំមាត់ ( 4 ) /
_cYoann, Voriniere
260 _aPhnom Penh :
_bSipar ,
_c2025 .
300 _a204 unnumbered pages :
_billustrations ;
_c18 cm .
490 _aManga
_v4
520 _aAfter the long journey , Vuth finally meets his friends . But it's not good reunion . Chan is considered as a monster because of her ability , so does Vuth ..... Chan can't sleep but what's happened if she sleeps ?
520 _aបន្ទាប់ពីដំណើរយូរមក វុធបានជួបមិត្តរបស់គេវិញជាចុងក្រោយ។ ប៉ុន្តែវាមិនមែនជាការជួបជុំដ៏រីករាយទេ។ ចាន់ត្រូវបានចាត់ទុកថាជាសត្វចម្លែក ដោយសារសមត្ថភាពរបស់នាង ហើយវុធក៏ដូចគ្នា។ ចាន់មិនអាចគេងបានទេ ប៉ុន្តែតើអ្វីនឹងកើតឡើង ប្រសិនបើនាងគេង?
650 _vមុាំងហ្កា
650 _vJapanese comics (manga)
942 _2ddc
_cKHB
_n0
999 _c10162
_d10162